| 000 | 00510cam a2200169 a 4500 | ||
|---|---|---|---|
| 020 | _a007068135X : | ||
| 082 | 0 | 0 |
_a624.171 _bWAN _cN-09, P-209 |
| 100 | 1 |
_aWang, Chu-Kia, _938605 |
|
| 245 | 1 | 0 |
_aIntermediate structural analysis / _cC.K. Wang. |
| 260 |
_aNew York : _bMcGraw-Hill, _cc1983. |
||
| 300 |
_axv, 790 p. : _bill. ; _c24 cm. |
||
| 500 | _aIncludes index. | ||
| 526 |
_a0 _b0 _c0 _d624_171000000000000_WAN |
||
| 650 | 0 |
_aNUST _96342 |
|
| 650 | 0 |
_aStructural analysis (Engineering) _9654 |
|
| 942 |
_2ddc _cBK |
||
| 999 |
_c547760 _d547760 |
||